Lithuania in the Eurovision Song Contest - Statistics

General Stats
  • This quiz has been taken 24 times
    5 since last reset
  • The average score is 14 of 26
Answer Stats
Answer % Correct
Discoteque
100%
Luktelk
100%
Sólo quiero más
100%
Attention
75%
I've Been Waiting For This Night
75%
Rain of Revolution
75%
Run With the Lions
75%
Sentimentai
75%
Tavo akys
75%
This Time
75%
When We're Old
75%
C'est ma vie
50%
Love Is Blind
50%
Something
50%
Stay
50%
We Are The Winners
50%
Eastern European Funk
25%
Happy You
25%
Little by Little
25%
Lopšinė mylimai
25%
Love
25%
Love or Leave
25%
Nomads in the Night
25%
Strazdas
25%
What's Happened to Your Love
25%
You Got Style
25%
No matching quizzes found
Score Distribution
Percent of People with Each Score
Percentile by Number Answered
Your Score History
You have not taken this quiz since the last reset